000 00656cab a2200217 4500
001 X2784
008 090401t1995 xxu||||| |||| 00| 0 eng d
035 _a(Sirsi) u26248
041 _aeng
245 _aOverheads and sick pay scheme
260 _c1995
350 _a0
490 _aCSM (Chartered Surveyor Monthly)
_v5(1) September 1995, 7(1)
520 _aAnnounces RICS Business Services insurance scheme for RICS members who are self-employed or are partners in a private practice.
650 _aACCIDENT INSURANCE
650 _aInsurance
_96249
650 _aSELF-EMPLOYED
690 _aInsurance
_96249
942 _n0
948 _c04/03/1997
999 _c17624
_d17624